Sports Quiz

Random Sports or MLB Quiz

MLB Most Career Grand Slams Quiz Stats

 Plays Quiz Updated Mar 30, 2015

Challenge
Share
Tweet
Embed
Score 0/27 Timer 08:00
2 Plays Today
Amount Player % Correct
16Babe Ruth
88.9%
24Alex Rodriguez
83.4%
16Hank Aaron
75.5%
23Lou Gehrig
73.4%
14Mark McGwire
66.5%
17Ted Williams
65.2%
15Ken Griffey Jr.
62.6%
21Manny Ramirez
61%
17Jimmie Foxx
46.5%
13Joe DiMaggio
45.2%
18Willie McCovey
41.2%
19Eddie Murray
40.8%
13Ryan Howard
30.3%
13Gary Sheffield
29.6%
Amount Player % Correct
13Albert Belle
27.1%
14Mike Piazza
26.7%
13Carlos Delgado
23.2%
16Dave Kingman
23.1%
14Jason Giambi
23%
13Ralph Kiner
22.8%
13George Foster
17.9%
18Robin Ventura
17.1%
17Carlos Lee
14.5%
13Jeff Kent
13.5%
14Gil Hodges
12.1%
15Richie Sexson
8.4%
13Harold Baines
7.9%

You're not logged in!

Compare scores with friends on all Sporcle quizzes.
OR
Log In

You Might Also Like...

Show Comments

Extras

Top Quizzes Today


Score Distribution

Your Account Isn't Verified!

In order to create a playlist on Sporcle, you need to verify the email address you used during registration. Go to your Sporcle Settings to finish the process.

Report this User

Report this user for behavior that violates our Community Guidelines.

Details: